| 000 | 00592nam a2200181Ia 4500 | ||
|---|---|---|---|
| 003 | GCL | ||
| 008 | 140319s9999 xx 000 0 ara d | ||
| 040 |
_aGCL / _cGCL |
||
| 082 | 0 | 4 |
_a230 _bب م |
| 100 | 1 | _aبرهان بخارى | |
| 245 | 1 | 0 |
_aالموسوعة الشاملة للحديث النبوى الشريف: دراسات حديثة فى المصطلح / _cبرهان بخارى |
| 300 | _a199 ص | ||
| 490 |
_aالهيئة العامة للاستعلامات _v0 |
||
| 650 | 0 | 4 | _aالاسلام |
| 650 | 0 | 4 | _aالحديث |
| 650 | 0 | 4 | _aالسنة النبوية |
| 942 |
_2ddc _cBK |
||
| 999 |
_c48476 _d48476 |
||